| 000 | 00576nam a22001457a 4500 | ||
|---|---|---|---|
| 020 | _a978-1-4088-5570-6 | ||
| 082 |
_a823 _bROW/H |
||
| 100 | _aROWLING, J K | ||
| 245 |
_aHARRY POTTER _bAND THE HALF-BLOOD PRINCE |
||
| 260 |
_aLONDON _bBLOOMSBURY _c2014 |
||
| 300 | _a542 | ||
| 520 | _aSet during Harry Potter's sixth year at Hogwarts, the novel explores the past of the boy wizard's nemesis, Lord Voldemort, and Harry's preparations for the final battle against Voldemort alongside his headmaster and mentor Albus Dumbledore. | ||
| 650 |
_aNOVEL _zUNITED KINGDOM |
||
| 942 | _cBK | ||
| 999 |
_c3795 _d3795 |
||